00561nam a2200145Ia 4500008004100000020002200041041000800063082002100071100004200092245005100134260005100185300000900236999001900245952015100264230314s9999 xx 000 0 und d a978-93-86827-12-8 aeng aA/611/KHU/DB0878 aKhurana Indu & Khurana Arushi9180528 aTextbook of Anatomy and Physiology for Nursing bCBS Publishers & DistributorsaNew Delhic2020 a551p c144052d144052 001040708AaBTINbBTINd2021-09-27g995.00i1605l29m7oA/611/KHU/DB0878pBTIN-DB-878r2025-11-06 13:41:37s2025-10-16w2021-09-24yDBzDB0878